Highest Grossing Movies of 2002 - Statistics

General Stats
  • This quiz has been taken 58 times
  • The average score is 11 of 48
Answer Stats
Rank Gross Movie Company % Correct
3 $821,700,000 Spider-Man Sony – Marvel Studios
88%
1 $926,000,000 The Lord of the Rings: The Two Towers New Line Cinema
83%
2 $879,000,000 Harry Potter and the Chamber of Secrets Warner Bros. Pictures
75%
4 $649,400,000 Star Wars: Episode II – Attack of the Clones 20th Century Fox – Lucasfilm
75%
12 $306,800,000 Chicago Miramax Films
50%
10 $358,400,000 Minority Report 20th Century Fox – DreamWorks
50%
11 $352,100,000 Catch Me If You Can DreamWorks Pictures
46%
6 $435,000,000 Die Another Day Metro-Goldwyn-Mayer – 20th Century Fox
46%
13 $296,200,000 Austin Powers in Goldmember New Line Cinema
42%
8 $383,300,000 Ice Age 20th Century Fox – Blue Sky Studios
42%
41 $115,000,000 We Were Soldiers Paramount Pictures
42%
26 $181,000,000 Road to Perdition 20th Century Fox – DreamWorks
38%
25 $193,800,000 Gangs of New York Miramax Films
33%
17 $273,100,000 Lilo & Stitch Walt Disney Pictures
29%
18 $249,300,000 The Ring DreamWorks Pictures
29%
5 $441,800,000 Men in Black II Columbia Pictures
25%
32 $155,000,000 Blade II New Line Cinema – Marvel Studios
21%
42 $113,700,000 Insomnia Warner Bros. Pictures
21%
21 $209,100,000 Red Dragon Universal Pictures
17%
47 $103,000,000 Resident Evil Screen Gems
17%
16 $275,700,000 Scooby-Doo Warner Bros. Pictures
17%
14 $289,100,000 Spirited Away Disney – Studio Ghibli
17%
36 $122,600,000 Spirit: Stallion of the Cimarron DreamWorks Pictures
17%
37 $120,100,000 The Pianist Focus Features
17%
9 $368,700,000 My Big Fat Greek Wedding IFC Films
13%
20 $214,000,000 The Bourne Identity Universal Pictures
13%
15 $277,400,000 xXx Columbia Pictures
13%
45 $105,800,000 About Schmidt New Line Cinema
8%
23 $196,400,000 Panic Room Columbia Pictures
8%
30 $170,000,000 Stuart Little 2 Columbia Pictures
8%
24 $193,900,000 The Sum of All Fears Paramount Pictures
8%
43 $109,600,000 Treasure Planet Walt Disney Pictures
8%
19 $242,900,000 8 Mile Universal Pictures
4%
29 $171,300,000 Mr. Deeds Columbia Pictures – New Line Cinema
4%
44 $109,000,000 Peter Pan In: Return to Never Land Walt Disney Pictures
4%
7 $408,200,000 Signs Walt Disney Pictures
4%
38 $119,700,000 Spy Kids 2: The Island of Lost Dreams Dimension Films
4%
27 $180,600,000 Sweet Home Alabama Touchstone Pictures
4%
28 $172,900,000 The Santa Clause 2 Walt Disney Pictures
4%
31 $165,300,000 The Scorpion King Universal Pictures
4%
35 $123,700,000 The Time Machine Warner Bros. – DreamWorks
4%
22 $200,000,000 Two Weeks Notice Warner Bros. Pictures
4%
39 $119,000,000 Unfaithful 20th Century Fox
4%
34 $130,500,000 About a Boy Universal Pictures
0%
48 $102,600,000 John Q. New Line Cinema
0%
33 $154,900,000 Maid in Manhattan Columbia Pictures
0%
40 $115,000,000 Snow Dogs Walt Disney Pictures
0%
46 $105,500,000 The Tuxedo DreamWorks Pictures
0%
No matching quizzes found
Score Distribution
Percent of People with Each Score
Percentile by Number Answered
Your Score History
You have not taken this quiz